Medytacons of Saynt Bernarde /

Bibliographic Details
Main Author: Bernard, of Clairvaux, Saint, 1090 or 1091-1153
Other Authors: Worde, Wynkyn de, -1534? (Translator)
Format: Book
Language:English
Published: Amsterdam : Norwood, New Jersey : Theatrum Orbis Terrarum ; Walter J. Johnson, 1977.
Series:English experience, its record in early printed books published in facsimile ; no. 847.
Subjects:

MARC

Tag First Indicator Second Indicator Subfields
LEADER 00000cam a2200000 i 4500
001 in00001058366
005 20150929084313.0
008 780726r19771496ne 000 0 eng d
010 |a  77006855  
020 |a 9022108473 
035 |a (OCoLC)04085737 
035 |9 AFK5424AM 
040 |a GLG  |c GLG  |d OCL  |d m.c.  |d TXA  |d UtOrBLW 
049 |a TXAM 
090 |a BX2179.B4  |b E5 1977 
092 |a 242  |b B51w 
100 0 |a Bernard,  |c of Clairvaux, Saint,  |d 1090 or 1091-1153. 
245 1 0 |a Medytacons of Saynt Bernarde /  |c [translated by] Wynkyn de Worth. 
264 1 |a Amsterdam :  |b Theatrum Orbis Terrarum ;  |a Norwood, New Jersey :  |b Walter J. Johnson,  |c 1977. 
300 |a 63 unnumbered pages ;  |c 23 cm. 
336 |a text  |b txt  |2 rdacontent 
337 |a unmediated  |b n  |2 rdamedia 
338 |a volume  |b nc  |2 rdacarrier 
490 1 |a The English experience, its record in early printed books published in facsimile ;  |v no. 847 
500 |a Photoreprint of the 1496 edition printed by Wynkyn de Worde, 1496, Westminister. 
650 0 |a Meditations. 
700 1 |a Worde, Wynkyn de,  |d -1534?,  |e translator. 
830 0 |a English experience, its record in early printed books published in facsimile ;  |v no. 847. 
999 |a MARS 
999 f f |s de03aca2-0770-311e-9dbc-916eaa53aae5  |i c7d89981-2d4f-3628-be95-9950cba930cc  |t 0 
952 f f |p ric  |a Texas A&M University  |b Rellis Campus  |c Joint Library Facility  |d Remote Storage  |t 0  |e BX2179.B4 E5 1977  |h Library of Congress classification  |i unmediated -- volume  |m A14806328267 
998 f f |a BX2179.B4 E5 1977  |t 0  |l Remote Storage